| 000 | 01347cam a2200433 i 4500 | ||
|---|---|---|---|
| 003 | EG-ScBUE | ||
| 005 | 20250731094505.0 | ||
| 006 | m||||fq||h 00| 0 | ||
| 008 | 100325t2004 caua f d 001 0 eng d | ||
| 020 | _a0534417973 | ||
| 020 | _a0534417965 (CD-ROM) | ||
| 020 | _a9780534417970 | ||
| 035 | _a(DLC) 2003105608 | ||
| 040 |
_aEG-ScBUE _beng _erda _dEG-ScBUE _cEG-ScBUE |
||
| 082 | 0 | 4 |
_a543 _bFUN _222 |
| 245 | 0 | 0 |
_aFundamentals of analytical chemistry / _cSkoog, Douglas A. [and three others] |
| 246 | 3 | 0 | _aAnalytical chemistry |
| 250 | _aEight edition. | ||
| 250 | _a International edition. | ||
| 264 | 1 |
_aBelmont : _bThomson-Brooks/Cole, _c[2004] |
|
| 264 | 4 | _cc2004 | |
| 300 |
_a1 volume (various pagings) : _billustrations (some color) ; _c27 cm + _e1 CD |
||
| 336 |
_2rdacontent _atext _btxt |
||
| 336 |
_2rdacontent _asounds _bsnd |
||
| 337 |
_aunmediated _2rdamedia _bn |
||
| 337 |
_aaudio _2rdamedia _bs |
||
| 338 |
_avolume _bnc _2rdacarrier |
||
| 338 |
_acomputer disc _bCD _2rdacarrier |
||
| 500 | _aIncludes index. | ||
| 500 | _aIncludes glossary. | ||
| 500 | _aIncludes appendix. | ||
| 590 | _adoaa mohamed | ||
| 650 | 7 |
_aChemistry, Analytic. _913137 _2BUEsh |
|
| 651 | _2BUEsh | ||
| 653 |
_bPPhrm _cAugust2015 |
||
| 655 | _vReading book | ||
| 700 | 1 |
_aSkoog, Douglas A., _eauthor. _913138 |
|
| 942 |
_cBB _2ddc |
||
| 999 |
_c7753 _d7753 |
||